| 000 | 00938cam a2200265 4500 | ||
|---|---|---|---|
| 001 | ABS64790 | ||
| 008 | 011205n2001 000 0 eng u | ||
| 035 | _a(Sirsi) u115870 | ||
| 245 | _aFinancial topics | ||
| 260 | _c2001 | ||
| 490 |
_aMachinery Market _v(5269) 22 November 2001, 20-21(2) |
||
| 520 | _aStates that the manufacturing sector is expected to see significant change over the next 10 years. Industry leaders and analysts look to the future for the sector. Includes a graph which shows manufacturing productivity growth in the US fell behind the UK for the first half of the 1990s, before leaping ahead in the second. | ||
| 590 | _aABS | ||
| 650 | _aMANUFACTURING INDUSTRY | ||
| 650 | _aSTATISTICS | ||
| 650 | _aGROWTH | ||
| 650 | _aDOWNTURN | ||
| 650 | _aRECESSION | ||
| 650 | _aFUTURE | ||
| 650 | _aDTI | ||
| 650 | _aUNITED STATES | ||
| 650 | _aUNITED KINGDOM | ||
| 690 | _aECONOMIC ISSUES | ||
| 942 | _n0 | ||
| 999 |
_c69030 _d69030 |
||